| 000 | 00627nam0a22002291 4500 | ||
|---|---|---|---|
| 001 | rc\64247 | ||
| 005 | 20250620165113.0 | ||
| 035 | _a(NLR Aleph) 005338954 | ||
| 090 |
_a6672582 _c6672582 |
||
| 100 | _a20021216d1994 |||y0rusy50 ca | ||
| 101 | 0 | _arus | |
| 102 | _aRU | ||
| 105 | _ay ||||||||| | ||
| 200 | 1 |
_aСтихотворения (1976-1981) _fВячеслав Брус |
|
| 210 |
_aПятигорск _cМедико-фарм _d1994 |
||
| 215 |
_a78 с. _d17 |
||
| 700 | 1 |
_aБрус _bВ. _gВячеслав |
|
| 801 | 0 |
_aRU _bNLR _gpsbo |
|
| 801 | 1 |
_aRU _bELAR _2rusmarc |
|
| 852 |
_aNLR _j94-2/270 |
||
| 942 | _cBOOK | ||
| 980 | _aNB | ||